Jak zmodernizovat koupelnu

Saved in:
Bibliographic Details
Main Author: Tůma, Jan (Author)
Format: Book
Language:Czech
Published: Praha : Grada, 2000
Edition:1.vyd.-dotlač
Tags: Add Tag
No Tags, Be the first to tag this record!

MARC

LEADER 00000nam a22000003a 4500
001 stu73085
005 20150617225646.7
008 011220s2000----xr------------------cze-d
020 |a 80-7169-798-2 
040 |a STU  |b slo 
041 0 |a cze 
044 |a xr 
080 |a 643.52 
100 1 |a Tůma, Jan  |4 aut 
245 1 |a Jak zmodernizovat koupelnu 
250 |a 1.vyd.-dotlač 
260 |a Praha :  |b Grada,  |c 2000 
300 |a 135 s.;obr.,tab.,schémy 
996 |b 284V027970  |c V*47212/O-20772  |l VVT  |s A  |a 24  |w stu73085_0001 
996 |b 284V013888  |c V*47213/O-20772a  |l VVS  |s A  |a 24  |w stu73085_0002